Statistiques concernant Couleurs des Résistances

Cliquez ici pour prendre le quiz!

Statistiques générales

  • Ce quiz a été pris 21 fois
  • Le résultat moyen est 9 sur 12

Statistiques - réponses

ValeurMultiplicateurToléranceCouleur% Correct
110±1 %Marron
95%
01Noir
95%
410 000Jaune
84%
2
100± 2 %Rouge
84%
5100 000± 0,5 %Vert
84%
61 000 000± 0,25 %Bleu
79%
31 000Orange
79%
710 000 000± 0,1 %Violet
79%
8100 000 000± 0,05 %Gris
74%
91 000 000 000Blanc
68%
0,1± 5 %Or
53%
0,01± 10 %Argent
42%

Distribution des résultats

Percentile par nombre de réponses

% des personnes avec chaque résultat

Votre développement - résultats

Vous n’avez pas pris ce quiz